Statistiken für Länder mit einer Grenze Land

Klicken Sie hier um das Quiz zu spielen!

Allgemein

  • Dieses Quiz wurde 132 mal gespielt
  • Das Durchschnittsergebnis liegt bei 14 aus 15

Antwortstatistiken

Länder mit einer LandesgrenzeAngrenzendes Land% Korrekt
DänemarkDeutschland
100%
IrlandVereinigtes Königreich
99%
KanadaVereinigte Staaten
98%
MonacoFrankreich
93%
Osttimor | Papua-NeuguineaIndonesien
93%
Vereinigtes KönigreichIrland
93%
San Marino | VatikanstadtItalien
93%
SüdkoreaNordkorea
93%
HaitiDominikanische Republik
92%
Dominikanische RepublikHaiti
92%
PortugalSpanien
92%
KatarSaudi-Arabien
91%
LesothoSüdafrika
88%
GambiaSenegal
77%
BruneiMalaysia
75%

Verteilung der Resultate

Perzentil nach korrekt beantworteten Fragen

Anzahl Personen mit jedem Resultat

Ihre Resultats-Entwicklung

Sie haben dieses Quiz noch nicht gespielt